| 000 | 00000nam 2200000za 4500 |
| 001 | 9.663263 |
| 003 | CaOODSP |
| 005 | 20230427111045 |
| 007 | ta |
| 008 | 150407|2001||||xxc||||| f|0| 0 eng d |
| 020 | |a0-662-66131-1 |
| 040 | |aCaOODSP|beng |
| 041 | |aeng |
| 041 | |afre |
| 043 | |an-cn--- |
| 086 | 1 |aSF31-57/2001 |
| 110 | 1 |aCanada. |bOffice of the Commissioner of Official Languages. |
| 245 | 14|aThe governance of Canada's official language minorities : |ba preliminary study / |cby Linda Cardinal and Marie-Ève Hudon. |
| 260 | |aOttawa - Ontario : |bOffice of the Commissioner of Official Languages |c2001. |
| 300 | |aEnglish text, 74p. : |btables ; |c28 cm. |
| 504 | |aBibliography. |
| 546 | |aBilingual |
| 563 | |aSoftcover |
| 590 | |a01-49|b2001-12-07 |
| 690 | 07|aOfficial languages|2gcpds |
| 690 | 07|aFederal government|2gcpds |
| 690 | 07|aLanguage minorities|2gcpds |
| 720 | 1 |aCardinal, Linda |
| 776 | 0#|tThe governance of Canada's official language minorities : |w(CaOODSP)9.921996 |
| 792 | |tLa gouvernance des minorités de langue officielle au Canada : |efre|w(CaOODSP)9.663264 |